000 00778nam a22001815i 4500
001 153010
003 ES-MaACL
005 20230906204958.0
008 040831s1869 po |||| | por d
080 _a528.9(4)
100 1 _aCastilho, Alexandre Magno de.
_9126384
245 1 3 _aOs padrões dos descobrimentos portuguezes em Africa :
_bsegundo memoria apresentada á Academia Real das Sciencias de Lisboa /
_cpelo Alexandre Magno de Castilho.
260 _aLisboa :
_b[s.n.],
_c1869 (
_fTyp. da Academia)
300 _a34 p. ;
_c27 cm.
651 4 _aÁfrica-
_xDescubrimientos y exploraciones-
_xPortugueses.
_9172132
710 2 _aAcademia das Ciências de Lisboa.
_91159
852 4 _aES-MaACL
_jT-126-F-13
_z- Enc. hol., falto de cub. original
_z- Enc. en un vol. facticio
999 _c153010
_d153010